000 01635cam a22004217a 4500
003 CHAP
005 20220329133810.0
008 971013s1985 r 00010 d
010 _a11074
011 _a12046
035 _a13908
040 _cCHAP
082 0 4 _a574.82
_bR6
100 0 0 _aRobert, Manuel L.
_ecomp.
_997901
245 1 3 _aEl cultivo de tejidos vegetales en México
260 _aMéxico, D. F. :
_bConsejo Nacional de Ciencia y Tecnología,
_c1985
300 _a167 p.
_b: ilus., gráfs.
590 _aBATCH-UPD
_b10
_c20130110
_lUCH01
_h0126
590 _aBATCH-UPD
_b10
_c20130110
_lUCH01
_h1601
590 _aBATCH-UPD
_b10
_c20130409
_lUCH01
_h2121
590 _aBATCH-UPD
_b10
_c20130410
_lUCH01
_h0958
590 _aBATCH-UPD
_b10
_c20130914
_lUCH01
_h0909
590 _aCONVERSION
_b10
_c20130109
_lUCH01
_h1307
650 1 4 _aCultivo de tejidos.
_930213
650 1 4 _aGermoplasma.
_947766
650 1 4 _aPlantas
_xMejoramiento.
_988849
650 1 4 _aPropagación de plantas.
_992417
700 0 _aLoyola, Víctor Manuel.
_968709
710 0 _aCentro de Investigación Científica de Yucatán, A. C.
_921136
901 _aBK
942 _cLIBRO
949 _a574.82 R6
_bBC
_cLIBRO
_d33724000508578
_eLIBRO
_fc.4
_h68520
_i13908
_si
949 _a574.82 R6
_bBC
_cLIBRO
_d33724000508586
_eLIBRO
_fc.6
_h71857
_i13908
_si
949 _a574.82 R6
_bBC
_cLIBRO
_d33724000508594
_eLIBRO
_h68517
_i13908
_si
949 _a574.82 R6
_bBC
_cLIBRO
_d33724000508602
_eLIBRO
_fc.3
_h2562
_i13908
_si
949 _a574.82 R6
_bBC
_cLIBRO
_d33724002336819
_eLIBRO
_fc.2
_h68518
_i13908
_si
949 _a574.82 R6
_bBC
_cUACH
_d-154678
_eUACH
_fc.5
_h68521
_i13908
_si
999 _c11074
_d11074